000 00343nam a2200133Ia 4500
008 221007s9999 xx 000 0 und d
020 _a9185
041 _aeng
082 _a658.15
_bGUP
100 _aGupta J B
_956326
245 _aStrategic Financial Management : Workbook
260 _c2010
_bTaxmann Publisher
_aNew Delhi
906 _bGeneral
999 _c61455
_d61455